000 00485nmm a2200157Ia 4500
008 251105s9999||||xx |||||||||||||||||und||
041 _aspa
100 _aSanfeliu, Miguel
245 0 _aCierta distancia : manual de supervivencia para amantes de la literatura
264 _a[Madrid, España] :
_bSílex Ediciones,
_c2017
300 _a160 páginas
490 _aCuentahilos
650 _aSpanish narrative
856 _uhttps://public.digitaliapublishing.com/a/62989
942 _cCF
999 _c98949
_d98949